<?xml version="1.0" encoding="UTF-8"?>
<record
    xmlns:xsi="http://www.w3.org/2001/XMLSchema-instance"
    xsi:schemaLocation="http://www.loc.gov/MARC21/slim http://www.loc.gov/standards/marcxml/schema/MARC21slim.xsd"
    xmlns="http://www.loc.gov/MARC21/slim">

  <leader>03355nam a22005417a 4500</leader>
  <datafield tag="952" ind1=" " ind2=" ">
    <subfield code="0">0</subfield>
    <subfield code="1">0</subfield>
    <subfield code="2">lcc</subfield>
    <subfield code="4">0</subfield>
    <subfield code="7">0</subfield>
    <subfield code="a">04</subfield>
    <subfield code="b">04</subfield>
    <subfield code="d">2016-12-02</subfield>
    <subfield code="l">1</subfield>
    <subfield code="o">HF5415.126 L53</subfield>
    <subfield code="p">04 006363</subfield>
    <subfield code="r">2019-07-29</subfield>
    <subfield code="s">2019-07-26</subfield>
    <subfield code="t">1</subfield>
    <subfield code="w">2016-12-02</subfield>
    <subfield code="y">LB</subfield>
  </datafield>
  <datafield tag="952" ind1=" " ind2=" ">
    <subfield code="0">0</subfield>
    <subfield code="1">0</subfield>
    <subfield code="4">0</subfield>
    <subfield code="7">0</subfield>
    <subfield code="a">04</subfield>
    <subfield code="b">04</subfield>
    <subfield code="d">2017-01-19</subfield>
    <subfield code="l">3</subfield>
    <subfield code="o">HF5415.126 L53</subfield>
    <subfield code="p">04 006428</subfield>
    <subfield code="r">2019-07-30</subfield>
    <subfield code="s">2019-07-29</subfield>
    <subfield code="t">2</subfield>
    <subfield code="w">2017-01-19</subfield>
    <subfield code="y">LB</subfield>
  </datafield>
  <datafield tag="952" ind1=" " ind2=" ">
    <subfield code="0">0</subfield>
    <subfield code="1">0</subfield>
    <subfield code="2">lcc</subfield>
    <subfield code="4">0</subfield>
    <subfield code="7">0</subfield>
    <subfield code="a">09</subfield>
    <subfield code="b">09</subfield>
    <subfield code="d">2017-03-02</subfield>
    <subfield code="l">0</subfield>
    <subfield code="o">HF5415.126 L53</subfield>
    <subfield code="p">09 004475</subfield>
    <subfield code="r">2017-03-02</subfield>
    <subfield code="t">1</subfield>
    <subfield code="w">2017-03-02</subfield>
    <subfield code="y">LB</subfield>
  </datafield>
  <datafield tag="952" ind1=" " ind2=" ">
    <subfield code="0">0</subfield>
    <subfield code="1">0</subfield>
    <subfield code="2">lcc</subfield>
    <subfield code="4">0</subfield>
    <subfield code="7">0</subfield>
    <subfield code="a">09</subfield>
    <subfield code="b">09</subfield>
    <subfield code="d">2017-04-07</subfield>
    <subfield code="l">0</subfield>
    <subfield code="o">HF5415.126 L53</subfield>
    <subfield code="p">09 004559</subfield>
    <subfield code="r">2017-04-07</subfield>
    <subfield code="t">2</subfield>
    <subfield code="w">2017-04-07</subfield>
    <subfield code="y">LB</subfield>
  </datafield>
  <datafield tag="952" ind1=" " ind2=" ">
    <subfield code="0">0</subfield>
    <subfield code="1">0</subfield>
    <subfield code="4">0</subfield>
    <subfield code="7">0</subfield>
    <subfield code="a">07</subfield>
    <subfield code="b">07</subfield>
    <subfield code="d">2017-11-13</subfield>
    <subfield code="l">0</subfield>
    <subfield code="o">HF5415.126 L53</subfield>
    <subfield code="p">07 006261</subfield>
    <subfield code="r">2017-11-13</subfield>
    <subfield code="t">1</subfield>
    <subfield code="w">2017-11-13</subfield>
    <subfield code="y">LB</subfield>
  </datafield>
  <datafield tag="952" ind1=" " ind2=" ">
    <subfield code="0">0</subfield>
    <subfield code="1">0</subfield>
    <subfield code="4">0</subfield>
    <subfield code="7">0</subfield>
    <subfield code="a">07</subfield>
    <subfield code="b">07</subfield>
    <subfield code="d">2017-11-23</subfield>
    <subfield code="l">0</subfield>
    <subfield code="o">HF5415.126 L53</subfield>
    <subfield code="p">07 006326</subfield>
    <subfield code="r">2017-11-23</subfield>
    <subfield code="t">2</subfield>
    <subfield code="w">2017-11-23</subfield>
    <subfield code="y">LB</subfield>
  </datafield>
  <datafield tag="952" ind1=" " ind2=" ">
    <subfield code="0">0</subfield>
    <subfield code="1">0</subfield>
    <subfield code="4">0</subfield>
    <subfield code="7">0</subfield>
    <subfield code="a">03</subfield>
    <subfield code="b">03</subfield>
    <subfield code="d">2017-12-05</subfield>
    <subfield code="l">0</subfield>
    <subfield code="o">HF5415.126 L53</subfield>
    <subfield code="p">03 009692</subfield>
    <subfield code="r">2017-12-05</subfield>
    <subfield code="t">1</subfield>
    <subfield code="w">2017-12-05</subfield>
    <subfield code="y">LB</subfield>
  </datafield>
  <datafield tag="952" ind1=" " ind2=" ">
    <subfield code="0">0</subfield>
    <subfield code="1">0</subfield>
    <subfield code="4">0</subfield>
    <subfield code="7">0</subfield>
    <subfield code="a">03</subfield>
    <subfield code="b">03</subfield>
    <subfield code="d">2017-12-11</subfield>
    <subfield code="l">0</subfield>
    <subfield code="o">HF5415.126 L53</subfield>
    <subfield code="p">03 009755</subfield>
    <subfield code="r">2017-12-11</subfield>
    <subfield code="t">2</subfield>
    <subfield code="w">2017-12-11</subfield>
    <subfield code="y">LB</subfield>
  </datafield>
  <datafield tag="952" ind1=" " ind2=" ">
    <subfield code="0">0</subfield>
    <subfield code="1">0</subfield>
    <subfield code="4">0</subfield>
    <subfield code="7">0</subfield>
    <subfield code="a">08</subfield>
    <subfield code="b">08</subfield>
    <subfield code="d">2018-02-02</subfield>
    <subfield code="l">2</subfield>
    <subfield code="o">HF5415.126 L53</subfield>
    <subfield code="p">08 006478</subfield>
    <subfield code="r">2018-05-03</subfield>
    <subfield code="s">2018-05-02</subfield>
    <subfield code="t">1</subfield>
    <subfield code="w">2018-02-02</subfield>
    <subfield code="y">LB</subfield>
  </datafield>
  <datafield tag="952" ind1=" " ind2=" ">
    <subfield code="0">0</subfield>
    <subfield code="1">0</subfield>
    <subfield code="4">0</subfield>
    <subfield code="7">0</subfield>
    <subfield code="a">08</subfield>
    <subfield code="b">08</subfield>
    <subfield code="d">2018-02-13</subfield>
    <subfield code="l">0</subfield>
    <subfield code="o">HF5415.126 L53</subfield>
    <subfield code="p">08 006527</subfield>
    <subfield code="r">2018-02-13</subfield>
    <subfield code="t">2</subfield>
    <subfield code="w">2018-02-13</subfield>
    <subfield code="y">LB</subfield>
  </datafield>
  <datafield tag="952" ind1=" " ind2=" ">
    <subfield code="0">0</subfield>
    <subfield code="1">0</subfield>
    <subfield code="2">lcc</subfield>
    <subfield code="4">0</subfield>
    <subfield code="7">0</subfield>
    <subfield code="a">22</subfield>
    <subfield code="b">22</subfield>
    <subfield code="d">2018-02-20</subfield>
    <subfield code="l">1</subfield>
    <subfield code="o">HF5415.126 L53</subfield>
    <subfield code="p">06 003760</subfield>
    <subfield code="r">2019-06-27</subfield>
    <subfield code="s">2019-06-27</subfield>
    <subfield code="t">1</subfield>
    <subfield code="w">2018-02-20</subfield>
    <subfield code="y">LB</subfield>
  </datafield>
  <datafield tag="952" ind1=" " ind2=" ">
    <subfield code="0">0</subfield>
    <subfield code="1">0</subfield>
    <subfield code="4">0</subfield>
    <subfield code="7">0</subfield>
    <subfield code="a">18</subfield>
    <subfield code="b">18</subfield>
    <subfield code="d">2018-08-01</subfield>
    <subfield code="l">0</subfield>
    <subfield code="o">HF5415.126 L53</subfield>
    <subfield code="p">18 004675</subfield>
    <subfield code="r">2018-08-01</subfield>
    <subfield code="t">1</subfield>
    <subfield code="w">2018-08-01</subfield>
    <subfield code="y">LB</subfield>
  </datafield>
  <datafield tag="952" ind1=" " ind2=" ">
    <subfield code="0">0</subfield>
    <subfield code="1">0</subfield>
    <subfield code="2">lcc</subfield>
    <subfield code="4">0</subfield>
    <subfield code="7">0</subfield>
    <subfield code="a">18</subfield>
    <subfield code="b">18</subfield>
    <subfield code="d">2018-08-02</subfield>
    <subfield code="l">0</subfield>
    <subfield code="o">HF5415.126 L53</subfield>
    <subfield code="p">18 004689</subfield>
    <subfield code="r">2018-08-02</subfield>
    <subfield code="t">2</subfield>
    <subfield code="w">2018-08-02</subfield>
    <subfield code="y">LB</subfield>
  </datafield>
  <datafield tag="952" ind1=" " ind2=" ">
    <subfield code="0">0</subfield>
    <subfield code="1">0</subfield>
    <subfield code="4">0</subfield>
    <subfield code="7">0</subfield>
    <subfield code="a">07</subfield>
    <subfield code="b">07</subfield>
    <subfield code="d">2018-08-08</subfield>
    <subfield code="l">0</subfield>
    <subfield code="o">HF5415.126 L53</subfield>
    <subfield code="p">07 006410</subfield>
    <subfield code="r">2018-08-08</subfield>
    <subfield code="t">3</subfield>
    <subfield code="w">2018-08-08</subfield>
    <subfield code="y">LB</subfield>
  </datafield>
  <datafield tag="952" ind1=" " ind2=" ">
    <subfield code="0">0</subfield>
    <subfield code="1">0</subfield>
    <subfield code="4">0</subfield>
    <subfield code="7">0</subfield>
    <subfield code="a">01</subfield>
    <subfield code="b">01</subfield>
    <subfield code="d">2018-08-22</subfield>
    <subfield code="l">1</subfield>
    <subfield code="o">658.84 L615</subfield>
    <subfield code="p">01 014661</subfield>
    <subfield code="r">2019-09-25</subfield>
    <subfield code="s">2019-09-25</subfield>
    <subfield code="t">1</subfield>
    <subfield code="w">2018-08-22</subfield>
    <subfield code="y">LB</subfield>
  </datafield>
  <datafield tag="952" ind1=" " ind2=" ">
    <subfield code="0">0</subfield>
    <subfield code="1">0</subfield>
    <subfield code="4">0</subfield>
    <subfield code="7">0</subfield>
    <subfield code="a">13</subfield>
    <subfield code="b">13</subfield>
    <subfield code="d">2018-08-28</subfield>
    <subfield code="l">0</subfield>
    <subfield code="o">HF5415.126 L53</subfield>
    <subfield code="p">13 004707</subfield>
    <subfield code="r">2018-08-28</subfield>
    <subfield code="t">1</subfield>
    <subfield code="w">2018-08-28</subfield>
    <subfield code="y">LB</subfield>
  </datafield>
  <datafield tag="952" ind1=" " ind2=" ">
    <subfield code="0">0</subfield>
    <subfield code="1">0</subfield>
    <subfield code="4">0</subfield>
    <subfield code="7">0</subfield>
    <subfield code="a">14</subfield>
    <subfield code="b">14</subfield>
    <subfield code="d">2018-08-31</subfield>
    <subfield code="l">0</subfield>
    <subfield code="o">HF5415.126 L53</subfield>
    <subfield code="p">14 007059</subfield>
    <subfield code="r">2018-08-31</subfield>
    <subfield code="t">1</subfield>
    <subfield code="w">2018-08-31</subfield>
    <subfield code="y">LB</subfield>
  </datafield>
  <datafield tag="952" ind1=" " ind2=" ">
    <subfield code="0">0</subfield>
    <subfield code="1">0</subfield>
    <subfield code="4">0</subfield>
    <subfield code="7">0</subfield>
    <subfield code="a">04</subfield>
    <subfield code="b">04</subfield>
    <subfield code="d">2018-09-06</subfield>
    <subfield code="l">4</subfield>
    <subfield code="o">HF5415.126 L53</subfield>
    <subfield code="p">04 006847</subfield>
    <subfield code="r">2019-07-31</subfield>
    <subfield code="s">2019-07-30</subfield>
    <subfield code="t">3</subfield>
    <subfield code="w">2018-09-06</subfield>
    <subfield code="y">LB</subfield>
  </datafield>
  <datafield tag="952" ind1=" " ind2=" ">
    <subfield code="0">0</subfield>
    <subfield code="1">0</subfield>
    <subfield code="4">0</subfield>
    <subfield code="7">0</subfield>
    <subfield code="a">13</subfield>
    <subfield code="b">13</subfield>
    <subfield code="d">2018-10-12</subfield>
    <subfield code="l">0</subfield>
    <subfield code="o">HF5415.126 L53</subfield>
    <subfield code="p">13 004789</subfield>
    <subfield code="r">2018-10-12</subfield>
    <subfield code="t">2</subfield>
    <subfield code="w">2018-10-12</subfield>
    <subfield code="y">LB</subfield>
  </datafield>
  <datafield tag="952" ind1=" " ind2=" ">
    <subfield code="0">0</subfield>
    <subfield code="1">0</subfield>
    <subfield code="4">0</subfield>
    <subfield code="7">0</subfield>
    <subfield code="a">13</subfield>
    <subfield code="b">13</subfield>
    <subfield code="d">2018-10-15</subfield>
    <subfield code="l">0</subfield>
    <subfield code="o">HF5415.126 L53</subfield>
    <subfield code="p">13 004805</subfield>
    <subfield code="r">2018-10-15</subfield>
    <subfield code="t">3</subfield>
    <subfield code="w">2018-10-15</subfield>
    <subfield code="y">LB</subfield>
  </datafield>
  <datafield tag="999" ind1=" " ind2=" ">
    <subfield code="c">101441</subfield>
    <subfield code="d">101441</subfield>
  </datafield>
  <controlfield tag="005">20231102152011.0</controlfield>
  <controlfield tag="008">161202s2013    sp ad         001 0 spa d</controlfield>
  <datafield tag="020" ind1=" " ind2=" ">
    <subfield code="a">9788473569071</subfield>
  </datafield>
  <datafield tag="050" ind1="0" ind2="4">
    <subfield code="a">HF5415.126</subfield>
    <subfield code="b">L53</subfield>
  </datafield>
  <datafield tag="082" ind1="0" ind2="4">
    <subfield code="a">658.84</subfield>
    <subfield code="b">L53</subfield>
  </datafield>
  <datafield tag="100" ind1="1" ind2=" ">
    <subfield code="a">Liberos, Eduardo</subfield>
    <subfield code="e">autor</subfield>
  </datafield>
  <datafield tag="245" ind1="1" ind2="3">
    <subfield code="a">El libro del marketing interactivo y la publicidad digital</subfield>
    <subfield code="b"> /  Eduardo Liberos... [et al.]</subfield>
  </datafield>
  <datafield tag="260" ind1=" " ind2=" ">
    <subfield code="a">Pozuelo de Alarc&#xF3;n, Madrid</subfield>
    <subfield code="b"> : Alfaomega</subfield>
    <subfield code="b">, ESIC</subfield>
    <subfield code="c"> , 2013</subfield>
  </datafield>
  <datafield tag="300" ind1=" " ind2=" ">
    <subfield code="a">941 p&#xE1;ginas</subfield>
    <subfield code="b"> : ilustraciones, graficas</subfield>
  </datafield>
  <datafield tag="490" ind1="0" ind2=" ">
    <subfield code="a">Libros profesionales de empresa</subfield>
  </datafield>
  <datafield tag="500" ind1=" " ind2=" ">
    <subfield code="a">Reimpresi&#xF3;n: 2014, 2015</subfield>
  </datafield>
  <datafield tag="504" ind1=" " ind2=" ">
    <subfield code="a">Bibliogr&#xE1;fica (pp. 487-491)</subfield>
  </datafield>
  <datafield tag="505" ind1="0" ind2=" ">
    <subfield code="a">El mundo de la publicidad online  
Fundamentos legales en la publicidad online  
Estrategia publicitaria online  
Herramientas de publicidad digital 
KPI&#xB4;s y m&#xE9;tricas digitales  
Anal&#xED;tica web  
Mobile Marketing  
Social media marketing  
Fidelizaci&#xF3;n online  
Marketing content</subfield>
  </datafield>
  <datafield tag="519" ind1=" " ind2=" ">
    <subfield code="a">Plan Flexible / </subfield>
    <subfield code="b">Mercadotecnia Digital / </subfield>
    <subfield code="c">Publicidad Digital (P01-1) / </subfield>
    <subfield code="d">(04 006363)</subfield>
  </datafield>
  <datafield tag="519" ind1=" " ind2=" ">
    <subfield code="a">Plan Flexible / </subfield>
    <subfield code="b">Mercadotecnia Digital / </subfield>
    <subfield code="c">Publicidad Digital (P01-1) / </subfield>
    <subfield code="d">(03 009692)</subfield>
  </datafield>
  <datafield tag="519" ind1=" " ind2=" ">
    <subfield code="a">Plan Flexible / </subfield>
    <subfield code="b">Mercadotecnia Digital / </subfield>
    <subfield code="c">Publicidad Digital (P01-1) / </subfield>
    <subfield code="d">(07 006261)</subfield>
  </datafield>
  <datafield tag="519" ind1=" " ind2=" ">
    <subfield code="a">Plan Flexible / </subfield>
    <subfield code="b">Mercadotecnia Digital / </subfield>
    <subfield code="c">Publicidad Digital (P01-1) / </subfield>
    <subfield code="d">(08 006478)</subfield>
  </datafield>
  <datafield tag="519" ind1=" " ind2=" ">
    <subfield code="a">Plan Flexible / </subfield>
    <subfield code="b">Mercadotecnia Digital / </subfield>
    <subfield code="c">Temas Selectos de Publicidad (P29-1) / </subfield>
    <subfield code="d">(03 009755)</subfield>
  </datafield>
  <datafield tag="519" ind1=" " ind2=" ">
    <subfield code="a">Plan Flexible / </subfield>
    <subfield code="b">Mercadotecnia Digital / </subfield>
    <subfield code="c">Temas Selectos de Publicidad (P29-1) / </subfield>
    <subfield code="d">(07 006326)</subfield>
  </datafield>
  <datafield tag="519" ind1=" " ind2=" ">
    <subfield code="a">Plan Flexible / </subfield>
    <subfield code="b">Mercadotecnia Digital / </subfield>
    <subfield code="c">Fotograf&#xED;a Publicitaria Digital (P22-3) / </subfield>
    <subfield code="d">(04 006428)</subfield>
  </datafield>
  <datafield tag="519" ind1=" " ind2=" ">
    <subfield code="a">Plan Flexible / </subfield>
    <subfield code="b">Mercadotecnia Digital / </subfield>
    <subfield code="c">Fotograf&#xED;a Publicitaria Digital (P22-3) / </subfield>
    <subfield code="d">(08 006527)</subfield>
  </datafield>
  <datafield tag="519" ind1=" " ind2=" ">
    <subfield code="a">Plan Flexible / </subfield>
    <subfield code="b">Mercadotecnia Digital / </subfield>
    <subfield code="c">Publicidad Digital (P01-1) / </subfield>
    <subfield code="d">(09 004475)</subfield>
  </datafield>
  <datafield tag="519" ind1=" " ind2=" ">
    <subfield code="a">Plan Flexible / </subfield>
    <subfield code="b">Mercadotecnia Digital / </subfield>
    <subfield code="c">Publicidad Digital (P01-1) / </subfield>
    <subfield code="d">(02 005543)</subfield>
  </datafield>
  <datafield tag="519" ind1=" " ind2=" ">
    <subfield code="a">Plan Flexible / </subfield>
    <subfield code="b">Mercadotecnia Digital / </subfield>
    <subfield code="c">Temas Selectos de Publicidad (P29-1) / </subfield>
    <subfield code="d">(09 004559)</subfield>
  </datafield>
  <datafield tag="519" ind1=" " ind2=" ">
    <subfield code="a">Plan Flexible / </subfield>
    <subfield code="b">Mercadotecnia Digital / </subfield>
    <subfield code="c">Temas Selectos de Publicidad (P29-1) / </subfield>
    <subfield code="d">(02 005615)</subfield>
  </datafield>
  <datafield tag="519" ind1=" " ind2=" ">
    <subfield code="a">Plan Flexible / </subfield>
    <subfield code="b">Mercadotecnia Digital / </subfield>
    <subfield code="c">Fotografia publicitaria digital (P22-3) / </subfield>
    <subfield code="d">(02 005599)</subfield>
  </datafield>
  <datafield tag="519" ind1=" " ind2=" ">
    <subfield code="a">Plan Flexible / </subfield>
    <subfield code="b">Mercadotecnia Digital / </subfield>
    <subfield code="c">Publicidad Digital (P01-1) / </subfield>
    <subfield code="d">(06 003760)</subfield>
  </datafield>
  <datafield tag="519" ind1=" " ind2=" ">
    <subfield code="a">Material Complementario / </subfield>
    <subfield code="d">(18 004675, 18 004689)</subfield>
  </datafield>
  <datafield tag="519" ind1=" " ind2=" ">
    <subfield code="a">Material Complementario /</subfield>
    <subfield code="d">(07 006410)</subfield>
  </datafield>
  <datafield tag="519" ind1=" " ind2=" ">
    <subfield code="a">Material Complementario /</subfield>
    <subfield code="d">(01 014661)</subfield>
  </datafield>
  <datafield tag="519" ind1=" " ind2=" ">
    <subfield code="a">Material Complementario /</subfield>
    <subfield code="b">Mercadotecnia Digital /</subfield>
    <subfield code="d">(13 004707, 13 004789, 13 004805)</subfield>
  </datafield>
  <datafield tag="519" ind1=" " ind2=" ">
    <subfield code="a">Material Complementario /</subfield>
    <subfield code="d">(14 007059)</subfield>
  </datafield>
  <datafield tag="519" ind1=" " ind2=" ">
    <subfield code="a">Material Complementario /</subfield>
    <subfield code="d">(04 006847)</subfield>
  </datafield>
  <datafield tag="650" ind1="1" ind2="4">
    <subfield code="a">INTERNET (RED DE COMPUTADORAS)</subfield>
    <subfield code="x">PUBLICIDAD</subfield>
  </datafield>
  <datafield tag="700" ind1="1" ind2=" ">
    <subfield code="a">Nu&#xF1;ez, &#xC1;lvaro</subfield>
    <subfield code="e">autor</subfield>
  </datafield>
  <datafield tag="700" ind1="1" ind2=" ">
    <subfield code="a">Bare&#xF1;o, Ruth</subfield>
    <subfield code="e">autor</subfield>
  </datafield>
  <datafield tag="700" ind1="1" ind2=" ">
    <subfield code="a">Garc&#xED;a del Poyo, Rafael</subfield>
    <subfield code="e">autor</subfield>
  </datafield>
  <datafield tag="700" ind1="1" ind2=" ">
    <subfield code="a">Guti&#xE9;rrez-Ulecia, Juan Carlos</subfield>
    <subfield code="e">autor</subfield>
  </datafield>
  <datafield tag="700" ind1="1" ind2=" ">
    <subfield code="a">Pino, Gabriela</subfield>
    <subfield code="e">autor</subfield>
  </datafield>
  <datafield tag="942" ind1=" " ind2=" ">
    <subfield code="c">LB</subfield>
  </datafield>
</record>
